000 00972cam a22002054a 4500
005 20250605164214.0
008 250528s ||||||||||||||||||||||||d
035 _a20423
020 _a582494605
040 _aGR-AtMCL
_bgre
_dGR-AtMCL
_eAACR2
245 1 _aModern Criticism and Theory / A Reader
250 _a8th
260 _bLongman,
_c1993
300 _a472
520 _aA selection of important and representative work from all the major theoretical schools or tendencies in contemporary criticism. Foreword, Acknowledgements, Contents Arranged Historically, Contents Arranged Thematically, Formalist and structuralist and Post-Structuralist Poetics and Linguistics and Narratology, Deconstruction, Psychoanalysis, Politics and Ideology and Cultural History, Feminism, Hermeneutics and Reception Theory and Reader-Response, Cognitive Literacy Scholarship, Index.
700 1 _aLodge David
_96407
942 _cBK
999 _c5532
_d5532